La Revolución Mexicana : mi contribución político-literaria : reproducción facsimilar de la edición original de 1936, publicada por A. del Bosque en la Ciudad de México /

Gespeichert in:
Bibliographische Detailangaben
1. Verfasser: González Garza, Federico (autor)
Format: Buch
Sprache:Spanisch
Veröffentlicht: México : Instituto Nacional de Estudios Históricos de la Revolución Mexicana, 1985, c1985
Tags: Tag hinzufügen
Keine Tags, Fügen Sie das erste Tag hinzu!

MARC

LEADER 00000nam^a2200000^a^4500
001 000423821
005 20250526000000.0
009 20260310122635.027
020 |a 968-805-274-4 
037 |a Acervo ITESO - Biblioteca 
041 |a ESP 
091 |a FHM. 01396 
100 |a González Garza, Federico  |e (autor) 
245 1 3 |a La Revolución Mexicana :  |b mi contribución político-literaria : reproducción facsimilar de la edición original de 1936, publicada por A. del Bosque en la Ciudad de México / 
264 4 |a México :  |b Instituto Nacional de Estudios Históricos de la Revolución Mexicana,  |c 1985, c1985 
300 |a XV, 474 p. ;  |c 24.0 cm. 
336 |a texto  |b txt  |2 rdacontenido 
337 |a sin mediación  |b n  |2 rdamedio 
338 |a volumen  |b nc  |2 rdasoporte 
649 |a XX 
910 |a Fondo Hugo B. Margáin 
920 |a Impresos - Libros 
930 |a Libros Antiguos y Raros 
905 |a 126 
901 |a 0500304913  |b IT2  |c LRA  |i D114673  |u 20250526 
902 |a https://opac.biblio.iteso.mx/vufind/Record/000423821